000 00858cam a2200253 a 4500
999 _c152
_d152
001 13403610
003 GZU
005 20200706144227.0
008 031114s2003 sa a b 001 0 eng
010 _a 2003371456
020 _a9781919895024 (pbk.)
040 _aDLC
_cDLC
_dDLC
050 0 0 _aBF121
_bINT 2008
245 0 0 _aIntroduction to psychology /
_ceditor, Lionel Nicholas.
260 _aLandsdowne :
_bUCT Press,
_c2003.
300 _ax, 414 p. :
_bill. ;
_c25 cm.
500 _aIncludes bibliographical references and index.
504 _aIncludes bibliographical references and index.
650 0 _aPsychology
_vTextbooks.
700 1 _aNicholas, Lionel J.
_eeditor
906 _a7
_bcbc
_corignew
_d3
_encip
_f20
_gy-gencatlg
942 _2lcc
_cBK
_e2nd ed.
_h121
_iINT
_kBF